00376nam a2200145Ia 450000500170000000800410001702000180005808200150007610000160009124500440010725000150015126000460016630000100021265000080022220260502125400.0260502s2012 xx 000 0 und d a9789354339134 a658.3bRAE aRAO,P Subba 0aEssentials of Human Resource Management a6th Ed Rep aN.DelhibHimalaya Publication Housec2024 a664p. aMBA